V štruktúre podaní prevláda sociálna, bytová a občianskoprávna problematika Kanceláriu prezidenta SR navštívilo vlani takmer 600 ľudí

Podrobná bibliografia
Hlavný autor: Sambor, Miroslav (Autor)
Médium: Článok
Jazyk:slovenčina
PhysicalDescription:Obr.
ISSN:1336-5320
Predmet:
On-line prístup:www.korzar.sk

MARC

LEADER 00000nab a2200000 a 4500
001 vtls008964136
003 SK-MaSNL
005 20260303070806.0
008 070416 2007 xo r r 000 0 slo
038 |a KEVKJB 
040 |a KEVKJB  |b slo  |c KEVKJB  |e AACR2 
041 0 |a slo 
044 |a xo  |c SK 
080 |a 342.519  |2 2001 
100 1 |a Sambor, Miroslav  |4 aut  |9 872736 
245 1 0 |a V štruktúre podaní prevláda sociálna, bytová a občianskoprávna problematika  |b Kanceláriu prezidenta SR navštívilo vlani takmer 600 ľudí  |c Miroslav Sambor 
300 |b Obr. 
610 2 7 |a Kancelária prezidenta Slovenskej republiky (Košice, Slovensko)  |2 kevkjb  |9 888131 
650 0 7 |a prezidentská kancelária  |2 kevkjb  |9 4491 
651 7 |a Košice (Slovensko)  |2 kevkjb  |9 18694 
773 0 |t Košický večer  |g Roč. 18(39), č. 15 (13.4.2007), s. 2  |x 1336-5320 
852 |a KEVKJB  |b KIS3GCP 
856 4 1 |u www.korzar.sk 
999 |c 1756956  |d 1758886